000 06248 a2200709 4500
005 20080827114313.0
008 080827t xxu||||| |||| 00| 0 eng d
010 _aB-275689-725
020 _a8180545857
_c525.00
035 _aB-275689-725
040 _aDPL
_bEnglish
082 _a547
100 _aSoni, P.L.
245 _aTextbook of organic chemistry /
_cby P.L. Soni [and] H.M. Chawla
250 _a29th ed
260 _aNew Delhi
_bSultan Chand and Sons
_c2007
270 _a23, Darya Ganj,
_bNew Delhi
_cDelhi
_e110002
_k23266105
_l23266357
300 _avarious pagings
_c28 cm (Pbk)
650 _aFinancial management
700 _aChawla, H.M.
942 _adpl
_cEN
_2ddc
_h547
_mSON
999 _c15131
_d15131